000 00358nam a2200145Ia 4500
008 100122s9999 xx 000 0 und d
082 _b43352
_a822
100 _aपवार जयंत
245 _aवंश
260 _bअभिनव प्रक ाशन
_c1989
300 _a79
630 _aवंश
730 _aवंश
942 _cBOOK
999 _c423436
_d423433